[Event "33rd Leon Blitz Open 2020"]
[Site "chess.com INT"]
[Date "2020.07.14"]
[Round "8"]
[White "Siddharth, Jagadeesh"]
[Black "Melian, Juan Sebastian"]
[Result "0-1"]
[WhiteTitle "FM"]
[BlackTitle "CM"]
[WhiteElo "2320"]
[BlackElo "1950"]
[WhiteFideId "5818320"]
[BlackFideId "3706575"]
[EventDate "2020.07.14"]
[EventType "blitz"]

1. e4 c5 2. d3 e6 3. g3 a6 4. Bg2 Qc7 5. f4 b5 6. Nf3 Bb7 7. O-O Nf6 8. c3 Be7
9. Nbd2 d6 10. Qe2 Nbd7 11. b3 Rc8 12. Bb2 Nb6 13. Rac1 c4 14. bxc4 bxc4 15. d4
Qd7 16. Ba3 Qa4 17. Bxd6 Bxd6 18. e5 Be7 19. exf6 Bxf6 20. Rb1 Qa5 21. Ne5 Bxg2
22. Kxg2 O-O 23. Ne4 Be7 24. f5 Nd5 25. fxe6 fxe6 26. Qg4 Ne3+ 27. Kh1 Nxg4 28.
Nxg4 Qxa2 29. Ne5 Rxf1+ 30. Rxf1 Qe2 31. Rf4 g5 32. Nf6+ Kg7 33. Nh5+ Qxh5 34.
g4 gxf4 35. gxh5 a5 36. Nd7 f3 37. Kg1 Bh4 38. Nb6 Rb8 0-1

[Event "33rd Leon Blitz Open 2020"]
[Site "chess.com INT"]
[Date "2020.07.14"]
[Round "8"]
[White "Bodnar, Nikolay"]
[Black "Musovic, Armin"]
[Result "1-0"]
[WhiteTitle "IM"]
[BlackTitle "FM"]
[WhiteElo "2424"]
[BlackElo "2207"]
[WhiteFideId "14106469"]
[BlackFideId "939935"]
[EventDate "2020.07.14"]
[EventType "blitz"]

1. e4 c6 2. d4 d5 3. exd5 cxd5 4. Bd3 Nc6 5. c3 Nf6 6. Bf4 g6 7. Nf3 Bg7 8. O-O
O-O 9. Re1 Re8 10. Nbd2 Nd7 11. Ne5 Ndxe5 12. dxe5 Qc7 13. Qe2 a6 14. h3 e6 15.
Nf3 b5 16. b4 Bb7 17. a3 Nb8 18. Qd2 Nd7 19. Rac1 Nb6 20. Bh6 Nc4 21. Bxc4 dxc4
22. Bxg7 Kxg7 23. Qf4 Qe7 24. Re3 Rad8 25. Nd4 Rd5 26. Rce1 Red8 27. Rg3 R8d7
28. h4 h5 29. Rg5 Qd8 30. Re3 Rxd4 31. cxd4 Rxd4 32. Qg3 Rd1+ 33. Kh2 Qd4 34.
Rxh5 Qa1 35. Qg5 Rh1+ 36. Kg3 Rh3+ 37. Kxh3 Qh1+ 38. Kg4 Qxg2+ 39. Rg3 Qe4+ 40.
Qf4 Qe2+ 41. f3 c3 42. Qf6+ 1-0

[Event "33rd Leon Blitz Open 2020"]
[Site "chess.com INT"]
[Date "2020.07.14"]
[Round "8"]
[White "Tang, Andrew"]
[Black "Nguyen, Ngoc Truong Son"]
[Result "0-1"]
[WhiteTitle "GM"]
[BlackTitle "GM"]
[WhiteElo "2538"]
[BlackElo "2641"]
[WhiteFideId "2059630"]
[BlackFideId "12401110"]
[EventDate "2020.07.14"]
[EventType "blitz"]

1. d4 Nf6 2. c4 e6 3. Nc3 Bb4 4. Qc2 O-O 5. Nf3 d5 6. Bg5 h6 7. Bxf6 Qxf6 8. a3
Bxc3+ 9. Qxc3 c6 10. h4 Nd7 11. g4 Qf4 12. g5 h5 13. Rh3 g6 14. e3 Qd6 15. O-O-O
b6 16. Ne5 Nxe5 17. dxe5 Qe7 18. Rf3 Bd7 19. Rf6 Rfd8 20. Rd4 Be8 21. Rdf4 Rd7
22. Be2 Rad8 23. Qc2 dxc4 24. Bxc4 Qc5 25. Re4 b5 26. b4 Qb6 27. Be2 Rc7 28. Kb2
c5 29. Qb3 Rd2+ 30. Kb1 Rxe2 31. Qd3 Re1+ 32. Kb2 Rd7 33. Qc3 Re2+ 34. Kb1 Rd1+ 0-1

[Event "33rd Leon Blitz Open 2020"]
[Site "chess.com INT"]
[Date "2020.07.14"]
[Round "8"]
[White "Adhiban, Baskaran"]
[Black "Moiseenko, Alexander"]
[Result "1/2-1/2"]
[WhiteTitle "GM"]
[BlackTitle "GM"]
[WhiteElo "2659"]
[BlackElo "2620"]
[WhiteFideId "5018471"]
[BlackFideId "14102560"]
[EventDate "2020.07.14"]
[EventType "blitz"]

1. d4 Nf6 2. Nf3 e6 3. Bg5 c5 4. e3 h6 5. Bh4 b6 6. c3 Bb7 7. Nbd2 Be7 8. Bd3
O-O 9. O-O cxd4 10. cxd4 Nc6 11. a3 Rc8 12. Rc1 d5 13. Qa4 Nd7 14. Bg3 a6 15.
Qb3 b5 16. Qa2 Nb6 17. b3 Qd7 18. h3 Bd6 19. Bxd6 Qxd6 20. Rc5 Nd7 21. Rc2 Rc7
22. Rfc1 Rfc8 23. Qb2 b4 24. a4 Na5 25. g4 Kf8 26. Kg2 Ke7 27. Kg1 Rxc2 28. Rxc2
Rxc2 29. Qxc2 Qc6 30. h4 Qxc2 31. Bxc2 Nc6 32. g5 hxg5 33. hxg5 a5 34. Bd3 Ncb8
35. Kg2 Ba6 36. Bc2 Nc6 37. Kg3 f6 38. gxf6+ gxf6 39. Nh4 Kd6 40. f4 Be2 41. Kf2
Bh5 42. Bd3 f5 43. Bb5 Nf6 44. Bxc6 Kxc6 45. Nhf3 Ng4+ 46. Ke2 Nh2 47. Kf2 Ng4+
48. Ke2 Nh2 49. Kf2 Ng4+ 1/2-1/2

[Event "33rd Leon Blitz Open 2020"]
[Site "chess.com INT"]
[Date "2020.07.14"]
[Round "8"]
[White "Sahil, Tickoo"]
[Black "Christensen, Thomas2"]
[Result "1/2-1/2"]
[BlackTitle "CM"]
[WhiteElo "2245"]
[BlackElo "2143"]
[WhiteFideId "5019710"]
[BlackFideId "1407635"]
[EventDate "2020.07.14"]
[EventType "blitz"]

1. d4 Nc6 2. Nf3 d6 3. d5 Ne5 4. Nxe5 dxe5 5. e4 g6 6. c4 Bg7 7. Nc3 e6 8. Be3
Ne7 9. Qd2 exd5 10. cxd5 O-O 11. Bc4 Bd7 12. h4 h5 13. f3 Nc8 14. Bg5 Qe8 15.
Bh6 Nd6 16. Bd3 f5 17. exf5 Bxf5 18. Bxg7 Kxg7 19. O-O-O Qf7 20. Rhe1 Rfe8 21.
Qg5 Qf6 22. Qxf6+ Kxf6 23. Be4 a6 24. a3 Rg8 25. Kc2 g5 26. Bxf5 Kxf5 27. hxg5
Rxg5 28. Re2 Rag8 29. Rh1 Rxg2 30. Rxh5+ Kf4 31. Rxe5 Kxf3 32. Re3+ Kf4 33. Re7
Rxe2+ 34. Nxe2+ Kf5 35. Nd4+ Kf6 36. Rxc7 Rc8 37. Rxc8 Nxc8 38. Ne2 Ke5 39. Nc3
Nb6 40. Kd3 Nxd5 41. Nxd5 Kxd5 42. b3 b6 43. Kc3 Kc5 44. Kd3 Kd5 45. Kc3 Kc5 46.
Kd3 Kd5 1/2-1/2

[Event "33rd Leon Blitz Open 2020"]
[Site "chess.com INT"]
[Date "2020.07.14"]
[Round "8"]
[White "Padmini, Rout"]
[Black "Perrine, Dalton"]
[Result "1-0"]
[WhiteTitle "IM"]
[BlackTitle "FM"]
[WhiteElo "2370"]
[BlackElo "2247"]
[WhiteFideId "5029295"]
[BlackFideId "2048434"]
[EventDate "2020.07.14"]
[EventType "blitz"]

1. Nf3 Nf6 2. g3 c5 3. Bg2 d5 4. O-O g6 5. c4 d4 6. e3 Bg7 7. exd4 cxd4 8. d3
O-O 9. Re1 Nc6 10. Na3 Nd7 11. Nc2 a5 12. b3 Nc5 13. Ba3 Qb6 14. Qd2 Bf5 15. Nh4
Nxd3 16. Nxf5 Nxe1 17. Nxe7+ Nxe7 18. Rxe1 Nc6 19. Bxf8 Rxf8 20. Rd1 Rd8 21. Ne1
Ne5 22. Nd3 Nxd3 23. Qxd3 Bf8 24. Re1 Bc5 25. Re2 Qf6 26. h4 b6 27. Bd5 Kg7 28.
Kg2 h5 29. Re4 Rd7 30. Rf4 Qe5 31. Qf3 f5 32. Qd3 Qe1 33. Rf3 Re7 34. a3 Qa1 35.
b4 axb4 36. axb4 Bxb4 37. c5 Bxc5 38. Qb5 Re1 39. Qd7+ Be7 40. Rb3 Qa6 41. Rb5
Re5 42. Qc6 Qa3 43. Rxb6 Bd6 44. Qxd6 Qxd6 45. Rxd6 d3 46. Bf3 1-0

[Event "33rd Leon Blitz Open 2020"]
[Site "chess.com INT"]
[Date "2020.07.14"]
[Round "8"]
[White "Shuvalov, Evgenij"]
[Black "Kotsur, Pavel"]
[Result "0-1"]
[BlackTitle "GM"]
[WhiteElo "2182"]
[BlackElo "2517"]
[WhiteFideId "4187237"]
[BlackFideId "13700278"]
[EventDate "2020.07.14"]
[EventType "blitz"]

1. Nf3 c5 2. c4 Nc6 3. g3 g6 4. Bg2 Bg7 5. O-O e6 6. Nc3 Nge7 7. e3 O-O 8. d4
cxd4 9. exd4 d5 10. cxd5 exd5 11. Re1 h6 12. h3 Be6 13. Bf4 Qb6 14. Na4 Qb5 15.
Nc5 Bf5 16. g4 Bc8 17. Bd6 Re8 18. Rc1 Bf8 19. Rc3 Qxb2 20. Rb3 Qxa2 21. Re2 Qa5
22. Nxb7 Bxb7 23. Rxb7 Qd8 24. Ne5 Qxd6 25. Nxf7 Kxf7 26. Qb3 Kg8 27. Re3 Rab8
28. Rxb8 Rxb8 29. Qa2 Rd8 30. h4 Bg7 31. h5 gxh5 32. gxh5 Nf5 33. Rf3 Ncxd4 34.
Ra3 Ne2+ 35. Qxe2 Qxa3 36. Qe6+ Kh8 37. Qxf5 Qc1+ 38. Kh2 Qg5 39. Qf7 Be5+ 40.
Kh1 Qc1+ 41. Bf1 Qxf1# 0-1

[Event "33rd Leon Blitz Open 2020"]
[Site "chess.com INT"]
[Date "2020.07.14"]
[Round "8"]
[White "Stojanovski, Sandi"]
[Black "Das, Arghyadip"]
[Result "0-1"]
[WhiteTitle "FM"]
[BlackTitle "IM"]
[WhiteElo "2232"]
[BlackElo "2453"]
[WhiteFideId "1403249"]
[BlackFideId "5003610"]
[EventDate "2020.07.14"]
[EventType "blitz"]

1. c4 g6 2. d4 Bg7 3. e4 d6 4. Nc3 Nf6 5. Nf3 O-O 6. Be2 Nbd7 7. O-O e5 8. Be3
Ng4 9. Bg5 f6 10. Bc1 h5 11. h3 Nh6 12. Be3 c6 13. dxe5 dxe5 14. Qd2 Nf7 15.
Rfd1 Qe7 16. b4 Qxb4 17. c5 Nxc5 18. Rab1 Qa5 19. Nd5 Qxd2 20. Ne7+ Kh7 21. Nxd2
Na4 22. Rdc1 Nd8 23. Nc4 Be6 24. Rb4 Nb6 25. Nxb6 axb6 26. Bxb6 Rxa2 27. Bf1 Bh6
28. Rd1 Rd2 29. Rxd2 Bxd2 30. Rb2 Bc3 31. Rc2 Bd4 32. Bc7 Nf7 33. Nxc6 bxc6 34.
Rxc6 Rc8 35. Rxe6 Rxc7 36. Rxf6 Kg7 37. Rf3 Ng5 0-1

[Event "33rd Leon Blitz Open 2020"]
[Site "chess.com INT"]
[Date "2020.07.14"]
[Round "8"]
[White "Aravindh, Chithambaram VR."]
[Black "Jobava, Baadur"]
[Result "1-0"]
[WhiteTitle "GM"]
[BlackTitle "GM"]
[WhiteElo "2641"]
[BlackElo "2603"]
[WhiteFideId "5072786"]
[BlackFideId "13601520"]
[EventDate "2020.07.14"]
[EventType "blitz"]

1. g3 d5 2. Nf3 c6 3. Bg2 Bg4 4. O-O e6 5. d4 Nd7 6. Nbd2 Ngf6 7. b3 Bxf3 8.
Nxf3 g6 9. c4 Bg7 10. Ba3 Qa5 11. Qc1 Bf8 12. Bb2 Bg7 13. Ba3 Bf8 14. Bxf8 Kxf8
15. Qh6+ Ke7 16. Rfe1 Qc7 17. Rac1 Qd6 18. e3 a5 19. Nd2 a4 20. c5 Qc7 21. b4 a3
22. f3 Ra4 23. Rb1 Rg8 24. e4 dxe4 25. fxe4 g5 26. e5 Nd5 27. Qxh7 Qd8 28. Rf1
Qf8 29. Nc4 Rh8 30. Rxf7+ Qxf7 31. Qxh8 Qf8 32. Qxf8+ Kxf8 33. Bxd5 cxd5 34. Nd6
Nb8 35. b5 Rxd4 36. Nxb7 Rc4 37. c6 Ke7 38. Nd6 Rc2 39. Rf1 Nxc6 40. bxc6 Rxc6
41. Rf7+ Kd8 42. Ra7 Rc1+ 43. Kg2 Rc2+ 44. Kh3 Rxa2 45. Kg4 d4 46. Kxg5 d3 47.
Kf6 Rxh2 48. Rxa3 1-0

[Event "33rd Leon Blitz Open 2020"]
[Site "chess.com INT"]
[Date "2020.07.14"]
[Round "8"]
[White "Bykhovsky, Anatoly"]
[Black "Deac, Bogdan-Daniel"]
[Result "1/2-1/2"]
[WhiteTitle "GM"]
[BlackTitle "GM"]
[WhiteElo "2496"]
[BlackElo "2625"]
[WhiteFideId "2806991"]
[BlackFideId "1226380"]
[EventDate "2020.07.14"]
[EventType "blitz"]

1. d4 d5 2. Nf3 Nf6 3. c4 e6 4. Nc3 c6 5. Bg5 h6 6. Bxf6 Qxf6 7. g3 Nd7 8. Bg2
dxc4 9. O-O Be7 10. e3 O-O 11. Nd2 Nb6 12. a4 a5 13. Qe2 e5 14. d5 Rd8 15. e4
cxd5 16. Nxd5 Nxd5 17. exd5 Bc5 18. Ne4 Qb6 19. Nxc5 Qxc5 20. Qxe5 Bd7 21. Rfc1
Re8 22. Qf4 b5 23. axb5 Bxb5 24. Re1 Qb4 25. Rxe8+ Rxe8 26. Qc1 Re2 27. Qc3 Rxb2
28. Qe5 Rb1+ 29. Bf1 Rxa1 30. Qxa1 c3 31. Bxb5 Qxb5 32. Qxc3 Qxd5 33. Qc8+ Kh7
34. h4 Qd1+ 35. Kg2 a4 36. Qf5+ Kg8 37. Qc8+ Kh7 38. Qf5+ Kh8 39. Qc8+ 1/2-1/2

[Event "33rd Leon Blitz Open 2020"]
[Site "chess.com INT"]
[Date "2020.07.14"]
[Round "8"]
[White "Gabdrakhmanov, Azat"]
[Black "Palchuk, Andrii"]
[Result "1-0"]
[WhiteTitle "FM"]
[BlackTitle "FM"]
[WhiteElo "2328"]
[BlackElo "2183"]
[WhiteFideId "34189197"]
[BlackFideId "14176688"]
[EventDate "2020.07.14"]
[EventType "blitz"]

1. e4 c6 2. d4 d5 3. e5 c5 4. dxc5 Nc6 5. Nf3 Bg4 6. h3 Bxf3 7. Qxf3 Nxe5 8.
Bb5+ Nc6 9. O-O e6 10. Be3 Nf6 11. c4 Be7 12. Nc3 O-O 13. cxd5 exd5 14. Rad1 Qa5
15. a3 Rfd8 16. Bg5 Ne5 17. Qg3 Ng6 18. b4 Qxa3 19. Nxd5 Qxg3 20. Nxe7+ Nxe7 21.
fxg3 Rxd1 22. Rxd1 Ned5 23. Bc4 Nxb4 24. Bxf6 gxf6 25. Rd7 a5 26. Rxf7 Kh8 27.
Rxb7 Rc8 28. Rb5 Ra8 29. Be6 Kg7 30. Bf5 Ra7 31. h4 Nc6 32. Be4 Ne5 33. c6 a4
34. Rb7+ Rxb7 35. cxb7 Nd7 36. Bc6 a3 37. Bxd7 1-0

[Event "33rd Leon Blitz Open 2020"]
[Site "chess.com INT"]
[Date "2020.07.14"]
[Round "8"]
[White "Gukesh, D"]
[Black "Shimanov, Aleksandr"]
[Result "0-1"]
[WhiteTitle "GM"]
[BlackTitle "GM"]
[WhiteElo "2563"]
[BlackElo "2593"]
[WhiteFideId "46616543"]
[BlackFideId "4198603"]
[EventDate "2020.07.14"]
[EventType "blitz"]

1. c4 g6 2. g3 Bg7 3. Bg2 e6 4. d4 d5 5. Nf3 Ne7 6. O-O Nbc6 7. Na3 O-O 8. Bf4
a6 9. Rc1 h6 10. Qd2 Nf5 11. Nc2 g5 12. Be3 dxc4 13. Rfd1 Rb8 14. g4 Nd6 15. Ne5
Nxe5 16. dxe5 Bxe5 17. Ba7 Ra8 18. Bc5 Bxb2 19. Rb1 Be5 20. Ne3 Qf6 21. Bxd6
cxd6 22. Nxc4 d5 23. Nxe5 Qxe5 24. e3 b5 25. f4 Qf6 26. h4 Ra7 27. hxg5 hxg5 28.
Rf1 Rc7 29. e4 dxe4 30. Bxe4 Rc4 31. fxg5 Qe5 32. Bf3 Qg3+ 33. Qg2 Qxg2+ 34.
Kxg2 Rc5 35. Rfd1 Rxg5 36. Kg3 e5 37. Kh4 Rg6 38. Rd5 e4 39. Be2 Kg7 40. Rc1 Be6
41. Rd6 Bxa2 42. Rxg6+ fxg6 43. Ra1 Bc4 44. Bxc4 bxc4 45. Rxa6 Rc8 46. Kg3 c3
47. Ra1 c2 48. Rc1 Rc3+ 49. Kf4 e3 50. Kf3 0-1

[Event "33rd Leon Blitz Open 2020"]
[Site "chess.com INT"]
[Date "2020.07.14"]
[Round "8"]
[White "Yang, Kevin"]
[Black "Sharmin, Samiha Shimmi"]
[Result "1-0"]
[BlackTitle "WCM"]
[WhiteElo "2275"]
[BlackElo "1812"]
[WhiteFideId "30908485"]
[BlackFideId "10203087"]
[EventDate "2020.07.14"]
[EventType "blitz"]

1. d4 d5 2. Bf4 Nf6 3. Nc3 Bf5 4. e3 e6 5. h4 a6 6. f3 h5 7. Nge2 Bd6 8. Qd2
Nbd7 9. Nd1 Nb6 10. b3 Qe7 11. Nf2 c5 12. c3 c4 13. Ng3 Bg6 14. e4 Bxf4 15. Qxf4
cxb3 16. axb3 Rc8 17. Qe3 O-O 18. Be2 Qc7 19. e5 Nfd7 20. Rc1 Qc6 21. O-O a5 22.
f4 f5 23. Nxh5 Kf7 24. Ng3 Rh8 25. h5 Bh7 26. c4 dxc4 27. bxc4 Qa4 28. d5 Nxc4
29. dxe6+ Kxe6 30. Qd4 Rc6 31. Bf3 Rhc8 32. Bd5+ Ke7 33. Bxc6 Rxc6 34. e6 Nf6
35. Rfd1 Rc8 36. Nd3 Ne4 37. Nxe4 fxe4 38. Nc5 Qa2 39. Qd7+ Kf8 40. Qf7# 1-0

[Event "33rd Leon Blitz Open 2020"]
[Site "chess.com INT"]
[Date "2020.07.14"]
[Round "8"]
[White "Eljanov, Pavel"]
[Black "Bethke, Richard"]
[Result "1-0"]
[WhiteTitle "GM"]
[BlackTitle "FM"]
[WhiteElo "2672"]
[BlackElo "2332"]
[WhiteFideId "14102951"]
[BlackFideId "12959243"]
[EventDate "2020.07.14"]
[EventType "blitz"]

1. e4 c5 2. Nf3 d6 3. Bb5+ Bd7 4. Bxd7+ Qxd7 5. c4 Nf6 6. Nc3 Nc6 7. d4 cxd4 8.
Nxd4 g6 9. f3 Bg7 10. Be3 O-O 11. O-O Rfc8 12. b3 Qd8 13. Rc1 Nd7 14. Qd2 Nxd4
15. Bxd4 Bxd4+ 16. Qxd4 Qb6 17. Qxb6 Nxb6 18. Rfd1 Rc5 19. a4 Rac8 20. Kf2 f5
21. Re1 Kf7 22. Re3 e6 23. Rce1 fxe4 24. Rxe4 e5 25. Nb5 Ke6 26. Nxa7 Rd8 27.
Nb5 Nd7 28. Rd1 Nf6 29. Re2 d5 30. cxd5+ Nxd5 31. f4 Kf5 32. Rxe5+ Kxf4 33. Re2
Rf8 34. Kg1 Ne3 35. Rd4+ Kg5 36. h4+ Kh5 37. Rxe3 Rc1+ 38. Kh2 Rff1 39. Kg3 Rc2
40. Rf3 Re1 41. Rd5+ Kh6 42. Nd4 1-0

[Event "33rd Leon Blitz Open 2020"]
[Site "chess.com INT"]
[Date "2020.07.14"]
[Round "8"]
[White "Salinas Herrera, Pablo"]
[Black "Demchenko, Anton"]
[Result "1/2-1/2"]
[WhiteTitle "GM"]
[BlackTitle "GM"]
[WhiteElo "2514"]
[BlackElo "2641"]
[WhiteFideId "3407128"]
[BlackFideId "4160258"]
[EventDate "2020.07.14"]
[EventType "blitz"]

1. e4 e5 2. Nf3 Nc6 3. Bb5 a6 4. Ba4 Nge7 5. Nc3 d6 6. a3 h6 7. d4 b5 8. Bb3
Nxd4 9. Nxd4 exd4 10. Qxd4 c5 11. Qe3 Be6 12. Bxe6 fxe6 13. O-O Nc6 14. f4 Be7
15. f5 Bf6 16. Kh1 Qd7 17. fxe6 Qxe6 18. Nd5 O-O-O 19. c3 Rhe8 20. Re1 Bg5 21.
Qg1 Ne5 22. a4 Nd3 23. Bxg5 hxg5 24. Re2 Kb7 25. axb5 axb5 26. Qd1 c4 27. b4 Ra8
28. Rxa8 Rxa8 29. h3 Qe5 30. Qg1 Ra6 31. Ra2 Qxd5 32. Rxa6 Qxe4 33. Qb6+ Kc8 34.
Ra7 Qe1+ 35. Kh2 Qe5+ 36. Kh1 Qe1+ 37. Kh2 Qe5+ 38. Kh1 Qe1+ 1/2-1/2

[Event "33rd Leon Blitz Open 2020"]
[Site "chess.com INT"]
[Date "2020.07.14"]
[Round "8"]
[White "Johnson, Joel"]
[Black "Vyatkin, Dmitry"]
[Result "0-1"]
[BlackTitle "FM"]
[WhiteElo "2223"]
[BlackElo "2362"]
[WhiteFideId "2003821"]
[BlackFideId "4171900"]
[EventDate "2020.07.14"]
[EventType "blitz"]

1. e4 e6 2. d4 d5 3. Nc3 Nf6 4. Qd3 Be7 5. e5 Nfd7 6. Qg3 g6 7. Nf3 c5 8. Be3
Nc6 9. Nb5 Qa5+ 10. c3 cxd4 11. Bxd4 Nxd4 12. Nbxd4 Nc5 13. Qf4 Bd7 14. Be2 Ne4
15. O-O Qb6 16. Bd3 Nc5 17. Bc2 Qxb2 18. Rab1 Qxc3 19. Rfc1 Qa5 20. Ng5 Bxg5 21.
Qxg5 Rc8 22. Qf6 O-O 23. h4 Qd8 24. Qf4 f6 25. Qh6 fxe5 26. Bxg6 Qe7 27. Nf3
hxg6 28. Nxe5 Qg7 29. Qg5 Qf6 30. Qg3 Ne4 31. Qxg6+ Qxg6 32. Nxg6 Rfe8 33. Rxc8
Bxc8 34. g4 Bd7 35. Kg2 Bc6 36. f3 Nc3 37. Re1 d4 38. Kg3 d3 39. h5 d2 40. Rg1
d1=Q 41. Rxd1 Nxd1 42. f4 Ne3 43. Kh4 Bf3 44. Ne5 Bxg4 45. Nxg4 Nxg4 46. Kxg4
Kg7 0-1

[Event "33rd Leon Blitz Open 2020"]
[Site "chess.com INT"]
[Date "2020.07.14"]
[Round "8"]
[White "Ponkratov, Pavel"]
[Black "Sevian, Samuel"]
[Result "1/2-1/2"]
[WhiteTitle "GM"]
[BlackTitle "GM"]
[WhiteElo "2631"]
[BlackElo "2660"]
[WhiteFideId "4157800"]
[BlackFideId "2040506"]
[EventDate "2020.07.14"]
[EventType "blitz"]

1. d4 Nf6 2. c4 e6 3. Nf3 d5 4. Nc3 c6 5. e3 Nbd7 6. Bd2 Bd6 7. Qc2 O-O 8. Rd1
Qe7 9. Be2 b6 10. e4 dxe4 11. Nxe4 Nxe4 12. Qxe4 Bb7 13. O-O f5 14. Qc2 c5 15.
Bc3 cxd4 16. Nxd4 Bxh2+ 17. Kxh2 Qh4+ 18. Kg1 Bxg2 19. Kxg2 Qg5+ 20. Kh1 Rf6 21.
Nf3 Rh6+ 22. Nh2 Qf4 23. Bh5 Rxh5 24. f3 Ne5 25. Qe2 Nf7 26. Rd7 Re8 27. Rg1 g6
28. Rd4 Qh6 29. Bd2 Qg7 30. Rd7 Qxb2 31. f4 Rh6 32. Rxa7 Rd8 33. Rd1 Qc2 34. Kg2
Rh4 35. Nf3 Rg4+ 36. Kf2 Qe4 37. Qxe4 fxe4 38. Rxf7 exf3 39. Rb7 Rg2+ 40. Kxf3
Rgxd2 41. Rxd2 Rxd2 42. Rxb6 Rxa2 43. Rxe6 Rc2 1/2-1/2

[Event "33rd Leon Blitz Open 2020"]
[Site "chess.com INT"]
[Date "2020.07.14"]
[Round "8"]
[White "Williams, Simon K"]
[Black "Mikhalevski, Victor"]
[Result "0-1"]
[WhiteTitle "GM"]
[BlackTitle "GM"]
[WhiteElo "2464"]
[BlackElo "2565"]
[WhiteFideId "404454"]
[BlackFideId "2801914"]
[EventDate "2020.07.14"]
[EventType "blitz"]

1. d4 Nf6 2. Nc3 d5 3. Bf4 Bg4 4. f3 Bd7 5. e4 e6 6. e5 Ng8 7. Be3 Ne7 8. f4 Nf5
9. Bf2 h5 10. Bd3 g6 11. Nf3 a6 12. O-O Be7 13. Ne2 b5 14. Qe1 c6 15. Bxf5 gxf5
16. Bh4 c5 17. dxc5 Bxc5+ 18. Kh1 Be7 19. Ned4 Bxh4 20. Nxh4 Qe7 21. Nhf3 a5 22.
a3 Na6 23. Qxa5 Qd8 24. Qxd8+ Rxd8 25. b4 Rc8 26. Rfd1 Ke7 27. Kg1 Rc4 28. Rd3
Nc7 29. Nd2 Ra8 30. Nxc4 dxc4 31. Rh3 Nd5 32. Rxh5 Nxf4 33. Rh7 Ng6 34. h4 Nxe5
35. Re1 Kf6 36. Rh6+ Kg7 37. Rh5 f6 38. Nf3 Nxf3+ 39. gxf3 Kg6 40. Rd1 Bc6 41.
Rd6 Bxf3 42. Rg5+ fxg5 43. Rxe6+ Kh5 44. hxg5 Kxg5 45. Re5 Rxa3 46. Rxb5 Rc3 47.
Kf2 Kf4 0-1

[Event "33rd Leon Blitz Open 2020"]
[Site "chess.com INT"]
[Date "2020.07.14"]
[Round "8"]
[White "Sviridova, Vlada"]
[Black "Aliavdin, Nikolai"]
[Result "0-1"]
[WhiteTitle "WFM"]
[BlackTitle "IM"]
[WhiteElo "2144"]
[BlackElo "2315"]
[WhiteFideId "24109606"]
[BlackFideId "13502883"]
[EventDate "2020.07.14"]
[EventType "blitz"]

1. d4 Nf6 2. c4 e6 3. Nf3 c5 4. d5 exd5 5. cxd5 d6 6. Nc3 g6 7. h3 Bg7 8. e4 O-O
9. Bd3 Re8 10. O-O Na6 11. Re1 Nc7 12. a4 a6 13. a5 Rb8 14. Na4 Bd7 15. Nb6 Bb5
16. Ra2 Nd7 17. Nc4 Bxc4 18. Bxc4 Ne5 19. b3 Nb5 20. Qc2 Nxf3+ 21. gxf3 Nd4 22.
Qd3 f5 23. Kh2 Qh4 24. f4 fxe4 25. Rxe4 Rxe4 26. Qxe4 Rf8 27. Be3 Bh6 28. b4
Bxf4+ 29. Kg2 Qg5+ 30. Kh1 Bxe3 31. Qxe3 Qh4 32. Bf1 cxb4 33. Bg2 Qf6 34. Rd2
Nf5 35. Qe6+ Kg7 36. Qxf6+ Kxf6 37. Rb2 Rf7 38. Rxb4 Rc7 39. Re4 Rc5 40. Rb4
Rxa5 41. Rxb7 h5 42. Rb6 Ke5 43. Bf1 Ra1 44. Kg1 a5 45. Rb2 a4 46. Rd2 a3 47. f3
Ne3 48. Re2 Rxf1+ 49. Kh2 Kf4 50. h4 Rxf3 51. Ra2 Ng4+ 52. Kg2 Rf2+ 53. Kh3 Rh2+
54. Rxh2 Nxh2 0-1

[Event "33rd Leon Blitz Open 2020"]
[Site "chess.com INT"]
[Date "2020.07.14"]
[Round "8"]
[White "Villalba, Marcelo"]
[Black "Srdanovic, Jovana"]
[Result "0-1"]
[WhiteTitle "IM"]
[BlackTitle "WFM"]
[WhiteElo "2258"]
[BlackElo "2070"]
[WhiteFideId "3701859"]
[BlackFideId "954810"]
[EventDate "2020.07.14"]
[EventType "blitz"]

1. e4 e6 2. b3 d5 3. Bb2 Nf6 4. e5 Nfd7 5. Qg4 c5 6. Nf3 Nc6 7. Bb5 Qc7 8. O-O
a6 9. Bxc6 Qxc6 10. c4 d4 11. d3 b6 12. Nbd2 Bb7 13. a3 h5 14. Qf4 Be7 15. Ne4
f5 16. Neg5 Nf8 17. h4 Ng6 18. Qg3 O-O 19. Rfe1 f4 20. Qh3 Rf5 21. Re2 Nf8 22.
Rae1 Nh7 23. Nxh7 Kxh7 24. Bc1 Qe8 25. Kh2 Qg6 26. Rg1 Qg4 27. Qxg4 hxg4 28. Nd2
Bxh4 29. Ne4 Kg6 30. g3 Rh8 31. gxh4 Rxh4+ 32. Kg2 f3+ 33. Kf1 fxe2+ 34. Kxe2
Bxe4 35. dxe4 Rxe5 36. Kd3 Rh3+ 37. Rg3 Rxg3+ 38. fxg3 Rh5 39. Bf4 e5 40. Bd2
Rh3 41. Be1 Rh2 42. b4 Kf7 43. bxc5 bxc5 44. Ba5 Ra2 45. Bb6 Rxa3+ 0-1

[Event "33rd Leon Blitz Open 2020"]
[Site "chess.com INT"]
[Date "2020.07.14"]
[Round "8"]
[White "Simonovic, Miroslav"]
[Black "Da Paz, Leonardo Gadelha"]
[Result "1-0"]
[WhiteTitle "CM"]
[BlackTitle "CM"]
[WhiteElo "2129"]
[BlackElo "2033"]
[WhiteFideId "919152"]
[BlackFideId "2109743"]
[EventDate "2020.07.14"]
[EventType "blitz"]

1. d4 d5 2. Bg5 h6 3. Bh4 c6 4. e3 Qb6 5. b3 Nd7 6. f4 Ngf6 7. Bd3 e6 8. Nf3 Ne4
9. Bxe4 dxe4 10. Ne5 Nxe5 11. fxe5 c5 12. c3 cxd4 13. exd4 Qa6 14. Nd2 Be7 15.
Bxe7 Kxe7 16. Qe2 Qxe2+ 17. Kxe2 b6 18. Nxe4 Bb7 19. Nd6 Bxg2 20. Rhg1 Bh3 21.
Rxg7 Raf8 22. Rag1 h5 23. R1g5 Bg4+ 24. Kf2 Bd1 25. h4 Bc2 26. Ke3 Bb1 27. Kd2
Rh6 28. c4 Bg6 29. Kc3 Rd8 30. d5 Rxd6 31. exd6+ Kxd6 32. dxe6 Kxe6 33. Rg8 Rh7
34. b4 Kf6 35. Rg2 Bf5 36. Rf2 Rh6 37. Rg5 Ke6 38. Rgxf5 f6 39. Rd5 Rh7 40. Rff5
Rg7 41. Rxh5 Rg3+ 42. Rd3 Rg2 43. a4 Ra2 44. Kb3 Ra1 45. Rh7 a5 46. b5 Rb1+ 47.
Ka2 Rc1 48. Rc7 Rc2+ 49. Kb3 Rc1 50. Rc6+ Kf7 51. Rxb6 Rb1+ 52. Kc2 Rb4 53. c5
Rxa4 54. c6 Ra2+ 55. Kb3 Ra1 56. c7 Rb1+ 57. Kc2 1-0